| 000 -ლიდერი |
| ფიქსირებული სიგრძის საკონტროლო ველი |
01140nam a2200277Ia 4500 |
| 001 - საკონტროლო ნომერი |
| საკონტროლო ველი |
21780 |
| 003 - საკონტროლო ნომრის იდენტიფიკატორი |
| საკონტროლო ველი |
GE_BSU |
| 005 - ბოლო ოპერაციის თარიღი და დრო |
| საკონტროლო ველი |
20220408154837.0 |
| 008 - ფიქსირებული სიგრძის მონაცემთა ელემენტები - ზოგადი ინფორმაცია |
| ფიქსირებული სიგრძის საკონტროლო ველი |
181216s ||||ge |||||||||||||| ||geo|| |
| 020 ## - წიგნის საერთაშორისო სტანდარტული ნომერი |
| International Standard Book Number |
9789994080335 |
| 040 ## - კატალოგიზაციის წყარო |
| Transcribing agency |
GE_BSU |
| 041 ## - ენის კოდი |
| Language code of text/sound track or separate title |
geo |
| 080 ## - უნივერსალური ათობითი კლასიფიკაციის ინდექსი |
| Universal Decimal Classification number |
656.61.072/074(075.8) ც-51 |
| 100 ## - მთავარი ჩანაწერი - პიროვნების სახელი |
| Personal name |
ცეცხლაძე, მურმან |
| 9 (RLIN) |
10750 |
| 245 ## - ცნობა სათაურის შესახებ |
| Title |
საზღვაო გადაზიდვები : |
| Remainder of title |
სახელმძღვანელო / |
| Statement of responsibility, etc |
მურმან ცეცხლაძე ; რედ. ალ. კუჭუხიძე. |
| 264 ## - წარმოების, გამოცემის, დისტრიბუციის და სხვა ცნობები |
| გამოცემის, წარმოების, დისტრიბუციის... ადგილი |
ბათუმი : |
| გამოცემის, წარმოების, დისტრიბუციის... სახელწოდება |
''ლაზარე'', |
| გამოცემის, წარმოების, დისტრიბუციის... თარიღი |
2009. |
| 300 ## - ფიზიკური აღწერა |
| Extent |
263 გვ. : |
| Other physical details |
ილ. ; |
| Dimensions |
21 სმ. |
| 504 ## - BIBLIOGRAPHY, ETC. NOTE |
| Bibliography, etc |
ბიბლ. გვ. 261 |
| 653 ## - INDEX TERM--UNCONTROLLED |
| Uncontrolled term |
საზღვაო გადაზიდვები |
| 653 ## - INDEX TERM--UNCONTROLLED |
| Uncontrolled term |
ტვირთმცოდნეობა |
| 653 ## - INDEX TERM--UNCONTROLLED |
| Uncontrolled term |
ტრანსპორტი |
| 700 ## - ADDED ENTRY--PERSONAL NAME |
| Personal name |
კუჭუხიძე, ალ. |
| Relator term |
რედაქტორი |
| 9 (RLIN) |
13650 |
| 710 ## - ADDED ENTRY--CORPORATE NAME |
| Corporate name or jurisdiction name as entry element |
ბათუმის საზღვაო აკადემია |
| 9 (RLIN) |
13651 |
| 942 ## - ADDED ENTRY ELEMENTS (KOHA) |
| Koha item type |
წიგნი |
| Source of classification or shelving scheme |
|